00431 a2200157 4500020001500000050002200015100002600037245003800063264003400101300001200135440001600147500005000163650002500213650001300238650002200251 a033365742X aPR9381.9 INY 1996 aInyundo, Jilleauthor aThe hornets' nest /cJill Inyundo aLondon : bMacmillan, c1996. a137p. : aPacesetters aYoung adult fiction Fiction Young adult works aYoung adult fiction  aFiction  aYoung adult works